| 000 | 00720nam a22001217a 4500 | ||
|---|---|---|---|
| 040 | _cRUA | ||
| 082 | _aAGR OUC 2009 B470 Or.1 | ||
| 100 | _aOUCH CHANRITH; អ៊ុច ច័ន្ទឬទ្ធិ | ||
| 245 | _aComparison of organic fertilizer on cucumber( cucummis sarivus ) at crops station in riyal university of agriculture, ប្រៀបធៀបជីធម្មជាតិទៅលើដំណាំត្រសក់ នៅក្នុងស្ថានីយ៍ដំណាំ សាកលវិទ្យាល័យភូមិន្ទកសិកម្ម | ||
| 300 |
_axi,40p. _bill. _c29cm. |
||
| 856 | _uhttps://drive.google.com/file/d/163tThdo0UodLPmagsLksuXZYPNuemO8q/view?usp=sharing | ||
| 942 | _cAGR | ||
| 999 |
_c7738 _d7738 |
||